| 000 | 00437nam a2200169Ia 4500 | ||
|---|---|---|---|
| 008 | 230718s9999 xx 000 0 und d | ||
| 041 | _aeng | ||
| 082 |
_a658.3 _bROB |
||
| 100 | _aRobbins S.P. | ||
| 245 | _aOrganizational Behavior | ||
| 250 | _a9th | ||
| 260 |
_c2002 _bPearson |
||
| 300 |
_a643 _dRef 899 C (14964), Ref 159 G (14965) |
||
| 365 |
_cRs. _b350.00 |
||
| 700 | _aRobbins S.P. | ||
| 906 |
_dB:492505-Jul-2002 _cOTH _b52.5 |
||
| 999 |
_c303759 _d303759 |
||